00346 a2200109 4500001001000000005001700010008004100027245004800068100003100116773007200147999001700219ART_4093820260410161721.0260409a 10aInvestigación contable interdisciplinaria1 aGarcía Fronti, Inés M.0 tContabilidad y auditoríag- Año 21, Nº 42 (dic. 2015)wREV1723 c16982d16982